| 000 | 00660nam a2200217 a 4500 | ||
|---|---|---|---|
| 001 | 16161 | ||
| 003 | CO-ViMGA | ||
| 008 | 141112s2004 ck r 000 u spa d | ||
| 020 | _a950511544X | ||
| 040 |
_aCO-ViMGA _bspa _cCO-ViMGA |
||
| 082 | 0 | 4 | _a813.5 G653m |
| 100 | 1 |
_aGolden, Arthur _923106 |
|
| 245 | 1 | 0 | _aMemorias de una Geisha |
| 260 |
_aBuenos Aires (Argentina) : _bAlfaguara, _c2003 |
||
| 300 | _a551.p. | ||
| 590 | _aForma de adquisición : Premio - Mincultura | ||
| 650 | 1 | 4 |
_aJAPON - VIDA SOCIAL Y COSTUMBRES - NOVELA _923107 |
| 650 | 1 | 4 |
_aMUJERES - CONDICIONES SOCIALES - NOVELA _923051 |
| 650 | 1 | 4 |
_aNOVELA ESTADOUNIDENSE _9761 |
| 942 |
_2ddc _cBK |
||
| 999 |
_c26082 _d26082 |
||